| 000 | 00879naa a2200253 c 4500 | ||
|---|---|---|---|
| 001 | 34636 | ||
| 003 | ES-MaCES | ||
| 005 | 20150924145330.0 | ||
| 008 | 050224n2005 sp t 000 | spa d | ||
| 035 | _aCES20050001078v | ||
| 040 |
_aES-MaCES _bspa _cES-MaCES |
||
| 100 | 1 |
_aMurillo Martín, Francisco Javier _919412 |
|
| 245 | 1 | 0 |
_aContabilidad del Impuesto sobre Sociedades de las sociedades patrimoniales _cFrancisco Javier Murillo Martín |
| 650 | 4 |
_aEspaña _926964 |
|
| 650 | 4 |
_atributación _928093 |
|
| 650 | 4 |
_apatrimonio _931001 |
|
| 650 | 4 |
_aimpuesto sobre sociedades _928081 |
|
| 653 | 1 | 0 | _aFiscalidad |
| 650 | 4 |
_926745 _acontabilidad |
|
| 773 | 0 |
_tImpuestos _gaño 21, n. 2 (15 en. 2005){10161 R. 059358}; p. 10-43 _w(ES-MaCES)25178 _940321 |
|
| 902 | _aART Artículo de revista | ||
| 942 |
_2CES _cAR _h0.1. |
||
| 999 |
_c34636 _d34636 |
||